Física general
Enregistré dans:
| Auteur principal: | |
|---|---|
| Format: | Livre |
| Langue: | Spanish |
| Publié: |
España, Madrid : Pearson Educación
2007
|
| Sujets: | |
| Tags: |
Ajouter un tag
Pas de tags, Soyez le premier à ajouter un tag!
|
MARC
| LEADER | 00000nam a2200000Ia 4500 | ||
|---|---|---|---|
| 003 | 000374 | ||
| 005 | 20221231144023.0 | ||
| 008 | 140114s2007 sp a 000 ||spa d | ||
| 040 | |c cru CEDI | ||
| 082 | |a 530 J91f | ||
| 100 | |a Juana, José María de |9 19869 | ||
| 245 | |a Física general | ||
| 260 | |a España, Madrid : Pearson Educación |c 2007 | ||
| 300 | |a 611 páginas ; ilustraciones a color | ||
| 500 | |a En el CEDI solo V.II | ||
| 650 | |x FISICA -- ESTUDIO - ENSEÑANZA |9 19870 | ||
| 942 | |2 ddc |c BK | ||
| 999 | |c 15705 |d 15705 | ||
